| 000 | 00520nam a2200205Ia 4500 | ||
|---|---|---|---|
| 008 | 191130s2007##################000#0#eng## | ||
| 020 | _a9781844834655 | ||
| 040 |
_aACL _cACL |
||
| 082 | _a184 MOO | ||
| 100 | _aMoor, Donald M | ||
| 245 |
_aCoffee with Plato _cDonald M. Moor |
||
| 260 |
_aLondon _bDuncan Baird _c2007 |
||
| 300 | _a144 p | ||
| 500 | _aIncludes Index | ||
| 650 | _aPhilosophy - Ancient | ||
| 650 | _aPloto | ||
| 990 | _a362b089bac10000c662a5aae98122bc7 | ||
| 991 | _a288697 | ||
| 999 |
_c132042 _d132042 |
||